000 00302nam a22001337a 4500
008 180306b xxu||||| |||| 00| 0 eng d
020 _a9780205730728
041 _aeng
080 _a82
100 _a21
101 _aGJL
245 _aLiterature and the writing process
_cMahan,E.M
942 _2udc
_cBK
999 _c44154
_d44154